|
|
|
|
| LEADER |
01382nam a2200301 a 4500 |
| 001 |
0017301 |
| 003 |
BD-DhAAL |
| 008 |
091019s2006 ii bl 001 0 eng d |
| 010 |
|
|
|a 2006345745
|
| 020 |
|
|
|a 9780195677102
|
| 020 |
|
|
|a 0195677102
|
| 040 |
|
|
|a DLC
|c DLC
|d DLC
|d BD-DhAAL
|
| 082 |
0 |
0 |
|a 382
|2 22
|
| 100 |
1 |
|
|a Goyal, Anupam.
|9 58557
|
| 245 |
1 |
4 |
|a The WTO and international environmental law :
|b towards conciliation /
|c Anupam Goyal.
|
| 260 |
|
|
|a New Delhi ;
|a New York :
|b Oxford University Press,
|c 2006.
|
| 300 |
|
|
|a xxvi, 424 p. ;
|c 22 cm
|
| 504 |
|
|
|a Includes bibliographical references (p. [408]-414) and index.
|
| 526 |
|
|
|a SOL
|x Saira Rahman Khan
Assistant Professor
School of Law
BRAC University
Course Name : Environmental Law (Law 346)
|
| 541 |
1 |
|
|e 0017301
|a Parash Publishers
|
| 610 |
2 |
0 |
|a World Trade Organization.
|
| 650 |
|
0 |
|a Foreign trade regulation.
|
| 650 |
|
0 |
|a International trade
|x Environmental aspects.
|9 9516
|
| 650 |
|
0 |
|a Environmental law, International.
|
| 852 |
4 |
|
|a Ayesha Abed Library
|c General Stacks
|
| 942 |
|
|
|2 ddc
|c BK
|
| 999 |
|
|
|c 5048
|d 5048
|
| 952 |
|
|
|0 0
|1 0
|2 ddc
|4 0
|6 382_GOY_200600000000000
|7 0
|9 4883
|a BRACUL
|b BRACUL
|c GEN
|d 2009-11-03
|e Parash Publishers
|g 1250.00
|l 2
|m 17
|o 382 GOY
|p 3010017301
|r 2018-09-19
|s 2018-06-02
|t 1
|w 2009-11-03
|y BK
|x Requisitioned by Saira Rahman Khan (Assistant Professor) for the course named - "Environmental Law (Law 346)"
|